[Event "8. Open Internacional Miquel Mas"]
[Site "Figueres ESP"]
[Date "2007.08.12"]
[Round "6.15"]
[White "Mohota, Swati"]
[Black "Mayo Casademont, Andreu"]
[Result "1-0"]
[WhiteElo "2121"]
[BlackElo "1972"]
[PlyCount "81"]
[EventDate "2007.08.08"]
[EventType "swiss"]
[EventRounds "9"]
[EventCountry "ESP"]
[Source "lmi"]
[SourceDate "2007.08.08"]

1. d4 Nf6 2. c4 e5 3. dxe5 Ng4 4. Bf4 Nc6 5. Nf3 Bb4+ 6. Nbd2 Qe7 7. e3 Ngxe5
8. Nxe5 Nxe5 9. Be2 d6 10. O-O Bxd2 11. Qxd2 O-O 12. Bg3 Re8 13. Rac1 Ng6 14.
Rfe1 b6 15. b4 Ba6 16. c5 Bxe2 17. cxd6 cxd6 18. Qxe2 Red8 19. Red1 d5 20. Qb5
Rac8 21. Rxc8 Rxc8 22. Qxd5 Qxb4 23. Qd7 Qc4 24. h4 a6 25. Rd4 Qc2 26. Qb7 a5
27. Qxb6 Nf8 28. Rd8 g6 29. Rxc8 Qxc8 30. Qxa5 Ne6 31. Qd2 Qa6 32. Be5 Qb5 33.
Bb2 Kf8 34. Qd6+ Kg8 35. Qa3 Qd5 36. Qc3 Kf8 37. Qc8+ Ke7 38. Ba3+ Kf6 39. Qc3+
Kf5 40. f3 h5 41. e4+ 1-0

[Event "8. Open Internacional Miquel Mas"]
[Site "Figueres ESP"]
[Date "2007.08.13"]
[Round "7.1"]
[White "Evdokimov, Alexander"]
[Black "Iljushin, Alexei"]
[Result "1/2-1/2"]
[WhiteElo "2544"]
[BlackElo "2520"]
[PlyCount "62"]
[EventDate "2007.08.08"]
[EventType "swiss"]
[EventRounds "9"]
[EventCountry "ESP"]
[Source "lmi"]
[SourceDate "2007.08.08"]

1. d4 d5 2. c4 c6 3. Nf3 Nf6 4. Nc3 a6 5. e3 b5 6. c5 Bg4 7. h3 Bxf3 8. Qxf3
Nbd7 9. g4 b4 10. Ne2 e5 11. Ng3 g6 12. Bd2 a5 13. g5 Ng8 14. e4 Ne7 15. exd5
Nxd5 16. Bc4 Bg7 17. O-O O-O 18. Bxd5 cxd5 19. Qxd5 exd4 20. Rfe1 Rc8 21. Rac1
Nb8 22. Qxd8 Rfxd8 23. Ne4 Nc6 24. Nf6+ Bxf6 25. gxf6 Rd5 26. Re4 Rf5 27. Rce1
Rxf6 28. Bh6 Re6 29. Rxe6 fxe6 30. Rxe6 Kf7 31. Rd6 Ke7 1/2-1/2

[Event "8. Open Internacional Miquel Mas"]
[Site "Figueres ESP"]
[Date "2007.08.13"]
[Round "7.2"]
[White "Kasparov, Sergey"]
[Black "Solodovnichenko, Yuri"]
[Result "1/2-1/2"]
[WhiteElo "2500"]
[BlackElo "2582"]
[PlyCount "45"]
[EventDate "2007.08.08"]
[EventType "swiss"]
[EventRounds "9"]
[EventCountry "ESP"]
[Source "lmi"]
[SourceDate "2007.08.08"]

1. e4 c5 2. Nf3 e6 3. d4 cxd4 4. Nxd4 Nf6 5. Bd3 Nc6 6. Nxc6 bxc6 7. Nd2 d5 8.
O-O Be7 9. b3 a5 10. Bb2 a4 11. Rb1 O-O 12. b4 Ba6 13. Bxa6 Rxa6 14. a3 Qb6 15.
Qe2 Qb5 16. Rfe1 Rc8 17. Qf3 Ne8 18. Bd4 Raa8 19. h3 Rd8 20. e5 Rdc8 21. c4 Qb7
22. Qe3 Nc7 23. Rec1 1/2-1/2

[Event "8. Open Internacional Miquel Mas"]
[Site "Figueres ESP"]
[Date "2007.08.13"]
[Round "7.4"]
[White "Granados Gomez, Manuel"]
[Black "Ramiro Ovejero, Juan Luis"]
[Result "1-0"]
[WhiteElo "2417"]
[BlackElo "2329"]
[PlyCount "117"]
[EventDate "2007.08.08"]
[EventType "swiss"]
[EventRounds "9"]
[EventCountry "ESP"]
[Source "lmi"]
[SourceDate "2007.08.08"]

1. e4 d5 2. exd5 Qxd5 3. Nf3 Nf6 4. d4 Bg4 5. Be2 e6 6. c4 Qd8 7. h3 Bxf3 8.
Bxf3 c6 9. Nc3 Be7 10. O-O O-O 11. d5 exd5 12. cxd5 Nxd5 13. Nxd5 cxd5 14. Qxd5
Qxd5 15. Bxd5 Nc6 16. Bxc6 bxc6 17. Be3 Bf6 18. Rab1 Rfd8 19. Rfc1 Bd4 20. Bxd4
Rxd4 21. Rxc6 g6 22. Rbc1 Kg7 23. Rc7 Rb8 24. b3 a5 25. Ra7 Rb5 26. Rc2 h5 27.
g3 h4 28. g4 Rf4 29. Kg2 Rd5 30. Rac7 a4 31. R7c4 axb3 32. axb3 Rf6 33. b4 Rb6
34. Rf4 g5 35. Re4 f5 36. gxf5 Rxf5 37. Rc5 Kg6 38. Rec4 Rbf6 39. Rxf5 Rxf5 40.
Rc3 Rb5 41. Rb3 Kf5 42. Kf3 Ke5 43. Kg4 Ke4 44. Re3+ Kd4 45. Re8 Kd3 46. f3 Kd2
47. Re7 Kd3 48. Re1 Kd2 49. Ra1 Ke3 50. Ra3+ Kd2 51. Ra5 Rxb4+ 52. Kxg5 Ke3 53.
f4 Ke4 54. Re5+ Kd4 55. Kxh4 Rb1 56. Re8 Rf1 57. Kg5 Rg1+ 58. Kf6 Rh1 59. f5
1-0

[Event "8. Open Internacional Miquel Mas"]
[Site "Figueres ESP"]
[Date "2007.08.13"]
[Round "7.5"]
[White "Marholev, Dimitar"]
[Black "Baños, Oscar"]
[Result "1-0"]
[WhiteElo "2402"]
[BlackElo "2260"]
[PlyCount "91"]
[EventDate "2007.08.08"]
[EventType "swiss"]
[EventRounds "9"]
[EventCountry "ESP"]
[Source "lmi"]
[SourceDate "2007.08.08"]

1. e4 g6 2. d4 d6 3. h4 h5 4. Be2 Bg7 5. Nf3 Nf6 6. Ng5 O-O 7. Nc3 c6 8. a4 e5
9. dxe5 dxe5 10. Qxd8 Rxd8 11. Bc4 Rd7 12. f3 Nh7 13. Be3 Nxg5 14. hxg5 Re7 15.
O-O-O Re8 16. Rd6 Be6 17. Bxe6 fxe6 18. Rhd1 Kf7 19. Kb1 Bf8 20. R6d3 Na6 21.
Rd7+ Re7 22. Rd8 Rxd8 23. Rxd8 b6 24. Rc8 Rc7 25. Ra8 Rb7 26. Na2 Bd6 27. Rd8
Be7 28. Rc8 Rc7 29. Ra8 Nc5 30. b3 Nd7 31. Nc1 Rb7 32. Nd3 Bd6 33. Rd8 Ke7 34.
Rc8 Rc7 35. Ra8 Rb7 36. c4 a5 37. Kc2 c5 38. Bd2 Nb8 39. Bc3 Nc6 40. Rh8 Rc7
41. f4 Kd7 42. fxe5 Be7 43. Nf4 Bxg5 44. Rh7+ Ne7 45. Nxg6 Rc8 46. Bd2 1-0

[Event "8. Open Internacional Miquel Mas"]
[Site "Figueres ESP"]
[Date "2007.08.13"]
[Round "7.6"]
[White "Ashwin, Jayaram"]
[Black "Mundet Riera, Jaume"]
[Result "1-0"]
[WhiteElo "2399"]
[BlackElo "2171"]
[PlyCount "51"]
[EventDate "2007.08.08"]
[EventType "swiss"]
[EventRounds "9"]
[EventCountry "ESP"]
[Source "lmi"]
[SourceDate "2007.08.08"]

1. d4 d6 2. e4 Nf6 3. Nc3 e5 4. Nge2 Nc6 5. f3 Be7 6. Be3 a6 7. d5 Nb8 8. Qd2
c6 9. g4 cxd5 10. exd5 Bxg4 11. fxg4 Nxg4 12. Bg1 Bh4+ 13. Ng3 f5 14. Bh3 h5
15. Ke2 g6 16. Rf1 Nd7 17. Nxf5 gxf5 18. Rxf5 Qe7 19. Ne4 Ndf6 20. Nxf6+ Bxf6
21. Bb6 Bg7 22. Rhf1 Qh4 23. Qb4 Rf8 24. Qxd6 Rxf5 25. Rxf5 Nf6 26. Qe6+ 1-0

[Event "8. Open Internacional Miquel Mas"]
[Site "Figueres ESP"]
[Date "2007.08.13"]
[Round "7.8"]
[White "Vilela De Acuna, Jose Luis"]
[Black "Colls Gelaberto, Emili"]
[Result "1/2-1/2"]
[WhiteElo "2346"]
[BlackElo "2194"]
[PlyCount "58"]
[EventDate "2007.08.08"]
[EventType "swiss"]
[EventRounds "9"]
[EventCountry "ESP"]
[Source "lmi"]
[SourceDate "2007.08.08"]

1. d4 Nf6 2. Nf3 d5 3. c4 c6 4. cxd5 cxd5 5. Nc3 Nc6 6. Bf4 Bf5 7. e3 e6 8. Qb3
Bb4 9. Bb5 O-O 10. O-O Qb6 11. Bxc6 bxc6 12. Bc7 Qxc7 13. Qxb4 Rab8 14. Qa3
Rfc8 15. Na4 Qa5 16. Ne5 Rb5 17. Nc5 Qxa3 18. bxa3 Rb2 19. f3 Ne8 20. g4 Bg6
21. Rf2 Rb6 22. Rc1 Nd6 23. Rc3 f6 24. Nxg6 hxg6 25. Nxe6 Nc4 26. Nc5 Rb1+ 27.
Rf1 Rb2 28. Rf2 Rb1+ 29. Rf1 Rb2 1/2-1/2

[Event "8. Open Internacional Miquel Mas"]
[Site "Figueres ESP"]
[Date "2007.08.13"]
[Round "7.9"]
[White "Saimeera, M."]
[Black "Mohota, Nisha"]
[Result "1/2-1/2"]
[WhiteElo "2191"]
[BlackElo "2332"]
[PlyCount "114"]
[EventDate "2007.08.08"]
[EventType "swiss"]
[EventRounds "9"]
[EventCountry "ESP"]
[Source "lmi"]
[SourceDate "2007.08.08"]

1. e4 e5 2. Nf3 Nc6 3. d4 exd4 4. Bc4 Bc5 5. O-O d6 6. c3 d3 7. b4 Bb6 8. Qxd3
Nf6 9. b5 Na5 10. e5 Ng4 11. Bg5 Qd7 12. exd6 O-O 13. Be7 Nxc4 14. Bxf8 Qxb5
15. Nbd2 Nxd6 16. Qxb5 Nxb5 17. Bb4 a5 18. a4 Na7 19. Ba3 Be6 20. c4 Nc6 21. c5
Ba7 22. Rab1 b6 23. Rfc1 Bd5 24. Rb5 Rd8 25. cxb6 Bxb6 26. Bc5 Nb4 27. Bxb6
cxb6 28. Rxb6 h6 29. Rb5 Nxf2 30. Rxa5 Nfd3 31. Rc3 Nf4 32. Re3 g5 33. Ne4 Be6
34. Nc5 Bg4 35. Re1 Bxf3 36. gxf3 Rd2 37. Ne4 Rc2 38. Rc5 Ra2 39. Rc4 Nbd3 40.
Rd1 Rg2+ 41. Kh1 Re2 42. Rb1 Kg7 43. Ng3 Ra2 44. Rd4 h5 45. Nxh5+ Nxh5 46. Rxd3
Rxa4 47. Rdb3 f6 48. Kg2 Nf4+ 49. Kg3 Rc4 50. R3b2 Kg6 51. Rb4 Rc2 52. R4b2 Rc4
53. Rb4 Rc2 54. R1b2 Nh5+ 55. Kh3 Nf4+ 56. Kg3 Nh5+ 57. Kh3 Nf4+ 1/2-1/2

[Event "8. Open Internacional Miquel Mas"]
[Site "Figueres ESP"]
[Date "2007.08.13"]
[Round "7.10"]
[White "Alonso Rosell, Alvar"]
[Black "Mohota, Swati"]
[Result "1/2-1/2"]
[WhiteElo "2285"]
[BlackElo "2121"]
[PlyCount "72"]
[EventDate "2007.08.08"]
[EventType "swiss"]
[EventRounds "9"]
[EventCountry "ESP"]
[Source "lmi"]
[SourceDate "2007.08.08"]

1. d4 d5 2. c4 c6 3. Nf3 Nf6 4. Nc3 e6 5. Bg5 h6 6. Bh4 dxc4 7. e4 g5 8. Bg3 b5
9. Be2 Bb7 10. O-O Nbd7 11. Ne5 Bg7 12. Nxd7 Qxd7 13. Be5 O-O 14. f4 Ne8 15.
Bxg7 Nxg7 16. Kh1 Rad8 17. Qc1 Qe7 18. Qe3 f5 19. Rad1 g4 20. b3 cxb3 21. axb3
h5 22. exf5 Nxf5 23. Qe5 Qd6 24. Ne4 Qxe5 25. dxe5 Ne3 26. Rxd8 Rxd8 27. Ra1 c5
28. Nd6 Bxg2+ 29. Kg1 Bd5 30. Rxa7 Rf8 31. Bxb5 Rxf4 32. Ne8 c4 33. Nf6+ Kf8
34. Nh7+ Kg8 35. Nf6+ Kf8 36. Nh7+ Kg8 1/2-1/2

[Event "8. Open Internacional Miquel Mas"]
[Site "Figueres ESP"]
[Date "2007.08.13"]
[Round "7.20"]
[White "Suita Garceso, Nemesi"]
[Black "Pruja, Marc"]
[Result "0-1"]
[WhiteElo "2105"]
[BlackElo "2022"]
[PlyCount "88"]
[EventDate "2007.08.08"]
[EventType "swiss"]
[EventRounds "9"]
[EventCountry "ESP"]
[Source "lmi"]
[SourceDate "2007.08.08"]

1. d4 Nf6 2. c4 e6 3. g3 d5 4. Bg2 Be7 5. Nf3 O-O 6. O-O b6 7. cxd5 Nxd5 8. Nc3
Nxc3 9. bxc3 Bb7 10. Qc2 c5 11. Ng5 Bxg5 12. Bxb7 Bxc1 13. Raxc1 Nd7 14. Bxa8
Qxa8 15. e4 Rc8 16. Qe2 Nf6 17. f3 Qc6 18. Rcd1 h6 19. Rd2 b5 20. Rfd1 Qb6 21.
Kg2 c4 22. Rb2 a6 23. Rdb1 Qc6 24. a4 Rb8 25. axb5 axb5 26. Rb4 Ne8 27. Rxc4
Qd6 28. Rcb4 Rc8 29. Qxb5 Qc7 30. R1b3 Nd6 31. Qe5 Qc6 32. Rb6 Qc4 33. Rb2 Ne8
34. Rb8 Qxc3 35. Rxc8 Qxc8 36. d5 Kh7 37. f4 Nf6 38. dxe6 fxe6 39. f5 Ng4 40.
Qxe6 Qc3 41. Rb8 Qd2+ 42. Kh3 Nf2+ 43. Kg2 Nxe4+ 44. Kh1 Qe1+ 0-1

[Event "8. Open Internacional Miquel Mas"]
[Site "Figueres ESP"]
[Date "2007.08.13"]
[Round "7.21"]
[White "Falgueras Marti, Carles"]
[Black "Garcia Bonilla, Miquel Angel"]
[Result "1/2-1/2"]
[WhiteElo "2095"]
[BlackElo "1950"]
[PlyCount "74"]
[EventDate "2007.08.08"]
[EventType "swiss"]
[EventRounds "9"]
[EventCountry "ESP"]
[Source "lmi"]
[SourceDate "2007.08.08"]

1. e4 e6 2. d4 d5 3. e5 c5 4. c3 Nc6 5. Nf3 Nge7 6. a3 Nf5 7. b4 cxd4 8. cxd4
Qb6 9. Be3 Bd7 10. Nc3 Be7 11. Be2 Nxe3 12. fxe3 f6 13. exf6 Bxf6 14. O-O O-O
15. Na4 Qd8 16. Nc5 Rb8 17. Rc1 Ne7 18. Ne5 Bxe5 19. Rxf8+ Kxf8 20. dxe5 b6 21.
Nxd7+ Qxd7 22. Bd3 Kg8 23. Qh5 g6 24. Qh3 Rf8 25. g4 a5 26. b5 Kg7 27. Qg3 Rc8
28. Rf1 Rf8 29. Rxf8 Kxf8 30. Qf4+ Kg8 31. Qf6 Nc8 32. Bxg6 hxg6 33. Qxg6+ Kf8
34. Qf6+ Ke8 35. Qh8+ Ke7 36. Qf6+ Ke8 37. Qh8+ Ke7 1/2-1/2

[Event "8. Open Internacional Miquel Mas"]
[Site "Figueres ESP"]
[Date "2007.08.14"]
[Round "8.7"]
[White "Serra Pages, Jordi"]
[Black "Jerez, Alfonso"]
[Result "0-1"]
[WhiteElo "2255"]
[BlackElo "2397"]
[PlyCount "88"]
[EventDate "2007.08.08"]
[EventType "swiss"]
[EventRounds "9"]
[EventCountry "ESP"]
[Source "lmi"]
[SourceDate "2007.08.08"]

1. Nf3 Nf6 2. c4 g6 3. Nc3 d5 4. cxd5 Nxd5 5. d4 Bg7 6. g3 Nb6 7. Bg2 Nc6 8. e3
O-O 9. O-O a5 10. b3 h6 11. Bb2 Be6 12. Nd2 Qc8 13. Re1 Rd8 14. Qe2 a4 15. Nxa4
Nxa4 16. bxa4 Rxa4 17. Nb3 Bd5 18. Nc5 Ra7 19. Bxd5 Rxd5 20. Nd3 e5 21. Nxe5
Nxe5 22. dxe5 Bxe5 23. Bxe5 Rxe5 24. Rec1 Qd7 25. Qc4 b5 26. Qf4 Rd5 27. Qb4
Ra4 28. Qb2 c5 29. Rc2 h5 30. h4 Ra6 31. Qc1 Rad6 32. Qb2 Qh3 33. Re2 Rd1+ 34.
Re1 R1d2 35. Qxb5 Rxf2 36. Kxf2 Qh2+ 37. Kf3 Rf6+ 38. Ke4 Qc2+ 39. Kd5 Re6 40.
e4 Qd2+ 41. Kxc5 Re5+ 42. Kc6 Qc3+ 43. Kb6 Re6+ 44. Kb7 Re7+ 0-1

[Event "8. Open Internacional Miquel Mas"]
[Site "Figueres ESP"]
[Date "2007.08.14"]
[Round "8.13"]
[White "Gavilan Diaz, Mario"]
[Black "Sabria Batlle, Pol"]
[Result "1-0"]
[WhiteElo "2269"]
[BlackElo "1951"]
[PlyCount "35"]
[EventDate "2007.08.08"]
[EventType "swiss"]
[EventRounds "9"]
[EventCountry "ESP"]
[Source "lmi"]
[SourceDate "2007.08.08"]

1. e4 e5 2. f4 d5 3. exd5 exf4 4. Nc3 Qh4+ 5. Ke2 Nf6 6. Nf3 Bg4 7. d4 Bd6 8.
Qe1 Bxf3+ 9. Kxf3+ Qxe1 10. Bb5+ Kf8 11. Rxe1 g5 12. g3 g4+ 13. Kf2 f3 14. Bh6+
Kg8 15. Re5 Bxe5 16. dxe5 Nfd7 17. e6 Nf6 18. Re1 1-0

[Event "8. Open Internacional Miquel Mas"]
[Site "Figueres ESP"]
[Date "2007.08.15"]
[Round "9.1"]
[White "Iljushin, Alexei"]
[Black "Solodovnichenko, Yuri"]
[Result "1-0"]
[WhiteElo "2520"]
[BlackElo "2582"]
[PlyCount "69"]
[EventDate "2007.08.08"]
[EventType "swiss"]
[EventRounds "9"]
[EventCountry "ESP"]
[Source "lmi"]
[SourceDate "2007.08.08"]

1. d4 Nf6 2. c4 c5 3. d5 b5 4. cxb5 a6 5. bxa6 g6 6. Nc3 Bxa6 7. g3 d6 8. Bg2
Bg7 9. Nf3 Nbd7 10. Rb1 O-O 11. O-O Ne8 12. Qc2 Nc7 13. a4 Nb6 14. Rd1 Bc4 15.
b3 Ncxd5 16. Na2 Ba6 17. a5 Bb7 18. axb6 Rxa2 19. Qxa2 Nc3 20. Qa7 Be4 21. Bg5
f6 22. Bd2 Nxb1 23. Be1 f5 24. Rxb1 Bxb1 25. Ng5 d5 26. Ne6 Qd6 27. Nxf8 Kxf8
28. f4 Bd4+ 29. Bf2 Qf6 30. e3 Bxe3 31. Bxe3 Qc3 32. Qb8+ Kf7 33. Bxd5+ e6 34.
Qc7+ Kf6 35. Qe5+ 1-0